01234 a2200217 45000010006000000050017000060080041000230030015000640400040000790800026001192450033001450200022001782500012002002640044002123000023002565050598002790410008008771000018008857000018009038560095009214390720260407155720.0260407a2009 arg spa dAR-UNSa-BCEJYS aAR-UNSa-BCEJYSbspacAR-UNSa-BCEJYS a330.43xEconometría10aIntroduction to econometrics a978-0-470-01512-4 a4a. ed. 1aFusionopolis :bJohn Wiley & Sonsc2009 axx, 634 p.c23 cm. a1. What is econometrics? - 2. Statistical background and matrix algebra - 3. Simple regression - 4. Multiple regression - 5. Hecteroskedasticity - 6. Autocorrelation - 7. Multicollinearity - 8. Dummy variables and truncated variables - 9. simultaneous equation models - 10. Diagnostic checking, model selection, and specification testing - 11. Errors in variables - 12. Introduction to time- series analysis - 13. Models of expectations and distributed lags - 14. Vector autoregresions, unit roots, and cointegration - 15. Panel data analysis - 16. Small- sample inference: resampling methods  aspa1 aMaddala, G.S.1 aLahiri, Kajal41uhttps://biblioeco.unsa.edu.ar/pmb/images/libros/L126780.jpgyImagen de portadaqimage/jpeg